[Event "European Online Club-ch-C 2021"]
[Site "Online"]
[Date "2021.03.27"]
[Round "1.10"]
[White "Zimmermann, Luc"]
[Black "Michalik, Peter"]
[Result "0-1"]
[WhiteElo "2151"]
[BlackElo "2594"]
[Annotator "ChessBase"]
[PlyCount "90"]
[EventDate "2021.03.27"]
[EventType "team-tourn"]
[EventCountry "NET"]
[SourceTitle "playchess.com"]
[Source "ChessBase"]
[SourceQuality "1"]
[TimeControl "900+5"]

1. e4 {[%emt 0:00:00]} c5 {[%emt 0:00:14]} 2. c3 {[%emt 0:00:04]} Nf6 {[%emt 0:00:05]} 3. e5 {[%emt 0:00:02]} Nd5 {[%emt 0:00:02]} 4. d4 {[%emt 0:00:02]} cxd4 {[%emt 0:00:02]} 5. Nf3 {[%emt 0:00:01]} Nc6 {[%emt 0:00:05]} 6. Bc4 {[%emt 0:00:03]} Nb6 {[%emt 0:00:03]} 7. Bb3 {[%emt 0:00:09]} d5 {[%emt 0:00:03]} 8. exd6 {[%emt 0:00:02]} Qxd6 {[%emt 0:00:03]} 9. O-O {[%emt 0:00:01]} Be6 {[%emt 0:00:09]} 10. Nxd4 {[%emt 0:00:04]} Nxd4 {[%emt 0:00:26]} 11. cxd4 {[%emt 0:00:02]} Bxb3 {[%emt 0:00:05]} 12. axb3 {[%emt 0:00:15]} e6 {[%emt 0:00:15]} 13. Nc3 {[%emt 0:00:17]} Be7 {[%emt 0:00:04]} 14. Qf3 {[%emt 0:00:03]} Qd7 {[%emt 0:00:15]} 15. d5 {[%emt 0:00:20]} Nxd5 {[%emt 0:00:08]} 16. Rd1 {[%emt 0:00:23]} O-O {[%emt 0:00:13]} 17. Nxd5 {[%emt 0:00:02]} exd5 {[%emt 0:00:02]} 18. Rxd5 {[%emt 0:00:02]} Qc6 {[%emt 0:00:12]} 19. Be3 {[%emt 0:00:48]} Bf6 {[%emt 0:00:05]} 20. Rc1 {[%emt 0:02:14]} Qe6 {[%emt 0:00:45]} 21. g3 {[%emt 0:02:06]} Rfc8 {[%emt 0:01:09]} 22. Rxc8+ {[%emt 0:03:43]} Rxc8 {[%emt 0:00:27]} 23. Rc5 {[%emt 0:00:41]} b6 {[%emt 0:00:57]} 24. Rxc8+ {[%emt 0:02:00]} Qxc8 {[%emt 0:00:04]} 25. Qe2 {[%emt 0:00:24]} h6 {[%emt 0:00:29]} 26. b4 {[%emt 0:01:45]} Qd7 {[%emt 0:01:24]} 27. b3 {[%emt 0:00:27]} b5 {[%emt 0:01:14]} 28. Qa2 {[%emt 0:00:38]} Qd1+ {[%emt 0:01:05]} 29. Kg2 {[%emt 0:00:02]} Bd4 {[%emt 0:00:07]} 30. Bxd4 {[%emt 0:00:22]} Qxd4 {[%emt 0:00:00]} 31. Qa5 {[%emt 0:00:10]} Qd7 {[%emt 0:00:09]} 32. h4 {[%emt 0:00:11]} h5 {[%emt 0:00:05]} 33. Kg1 {[%emt 0:00:03]} g6 {[%emt 0:00:02]} 34. Qa2 {[%emt 0:00:09]} Qd1+ {[%emt 0:00:37]} 35. Kh2 {[%emt 0:00:03]} Qd4 {[%emt 0:00:04]} 36. Kg1 {[%emt 0:00:09]} Qxb4 {[%emt 0:00:05]} 37. Qxa7 {[%emt 0:00:05]} Qxb3 {[%emt 0:00:03]} 38. Qb8+ {[%emt 0:00:02]} Kh7 {[%emt 0:00:04]} 39. Qe5 {[%emt 0:00:02]} Qc4 {[%emt 0:00:06]} 40. Kh2 {[%emt 0:00:04]} b4 {[%emt 0:00:02]} 41. Qe7 {[%emt 0:00:12]} b3 {[%emt 0:00:07]} 42. Qb7 {[%emt 0:00:01]} Kg7 {[%emt 0:00:05]} 43. Kg2 {[%emt 0:00:05]} Qc3 {[%emt 0:00:02]} 44. Kh2 {[%emt 0:00:11]} b2 {[%emt 0:00:05]} 45. Qb6 {[%emt 0:00:02]} Qf6 {[%emt 0:00:12]} 0-1

[Event "European Online Club-ch-C 2021"]
[Site "Online"]
[Date "2021.03.27"]
[Round "1.11"]
[White "Plat, Vojtech"]
[Black "De Mon, Gino"]
[Result "1-0"]
[WhiteElo "2552"]
[BlackElo "2060"]
[Annotator "ChessBase"]
[PlyCount "45"]
[EventDate "2021.03.27"]
[EventType "team-tourn"]
[EventCountry "NET"]
[SourceTitle "playchess.com"]
[Source "ChessBase"]
[SourceQuality "1"]
[TimeControl "900+5"]

1. e4 {[%emt 0:00:00]} c5 {[%emt 0:00:08]} 2. Nf3 {[%emt 0:00:18]} Nc6 {[%emt 0:02:48]} 3. c3 {[%emt 0:00:13]} Nf6 {[%emt 0:00:25]} 4. e5 {[%emt 0:00:05]} Nd5 {[%emt 0:00:01]} 5. Bc4 {[%emt 0:00:02]} Nb6 {[%emt 0:00:02]} 6. Bb3 {[%emt 0:00:02]} d5 {[%emt 0:00:03]} 7. exd6 {[%emt 0:00:03]} Qxd6 {[%emt 0:00:02]} 8. d4 {[%emt 0:00:02]} cxd4 {[%emt 0:00:05]} 9. cxd4 {[%emt 0:00:02]} Be6 {[%emt 0:00:33]} 10. O-O {[%emt 0:00:17]} Bxb3 {[%emt 0:01:20]} 11. Qxb3 {[%emt 0:00:35]} e6 {[%emt 0:00:12]} 12. Nc3 {[%emt 0:00:03]} Be7 {[%emt 0:00:04]} 13. Be3 {[%emt 0:00:17]} O-O {[%emt 0:00:11]} 14. Rfd1 {[%emt 0:00:03]} Rfd8 {[%emt 0:00:18]} 15. Rac1 {[%emt 0:00:34]} Rac8 {[%emt 0:00:10]} 16. d5 {[%emt 0:00:38]} Na5 {[%emt 0:01:17]} 17. Qb5 {[%emt 0:00:05]} Nac4 {[%emt 0:00:16]} 18. dxe6 {[%emt 0:02:46]} Qxe6 {[%emt 0:00:00]} 19. Bxb6 {[%emt 0:00:20]} axb6 {[%emt 0:00:48]} 20. Rxd8+ {[%emt 0:01:39]} Rxd8 {[%emt 0:00:04]} 21. Re1 {[%emt 0:00:02]} Nd6 {[%emt 0:02:37]} 22. Rxe6 {[%emt 0:00:13]} Nxb5 {[%emt 0:00:02]} 23. Rxe7 {[%emt 0:00:02]} 1-0

[Event "European Online Club-ch-C 2021"]
[Site "Online"]
[Date "2021.03.27"]
[Round "1.12"]
[White "De Vries, Leon"]
[Black "Krejci, Jan"]
[Result "0-1"]
[WhiteElo "2021"]
[BlackElo "2540"]
[Annotator "ChessBase"]
[PlyCount "88"]
[EventDate "2021.03.27"]
[EventType "team-tourn"]
[EventCountry "NET"]
[SourceTitle "playchess.com"]
[Source "ChessBase"]
[SourceQuality "1"]
[TimeControl "900+5"]

1. Nf3 {[%emt 0:00:00]} Nf6 {[%emt 0:00:05]} 2. c4 {[%emt 0:00:04]} e6 {[%emt 0:00:02]} 3. g3 {[%emt 0:00:05]} a6 {[%emt 0:00:13]} 4. Bg2 {[%emt 0:00:08]} b5 {[%emt 0:00:05]} 5. b3 {[%emt 0:00:22]} Bb7 {[%emt 0:00:02]} 6. O-O {[%emt 0:00:05]} Be7 {[%emt 0:00:03]} 7. Bb2 {[%emt 0:00:07]} O-O {[%emt 0:00:02]} 8. d3 {[%emt 0:00:11]} d6 {[%emt 0:00:08]} 9. Qc2 {[%emt 0:00:12]} Nbd7 {[%emt 0:00:02]} 10. Nbd2 {[%emt 0:00:16]} c5 {[%emt 0:00:03]} 11. Rfd1 {[%emt 0:00:29]} Rc8 {[%emt 0:01:04]} 12. Rac1 {[%emt 0:00:17]} Qb6 {[%emt 0:00:05]} 13. e3 {[%emt 0:00:33]} Qa7 {[%emt 0:00:31]} 14. Qb1 {[%emt 0:00:34]} h6 {[%emt 0:00:13]} 15. d4 {[%emt 0:00:45]} cxd4 {[%emt 0:00:08]} 16. Bxd4 {[%emt 0:00:57]} Qa8 {[%emt 0:00:04]} 17. Nh4 {[%emt 0:00:27]} bxc4 {[%emt 0:01:02]} 18. Nxc4 {[%emt 0:00:42]} Ne4 {[%emt 0:00:36]} 19. Ba1 {[%emt 0:01:46]} Rfd8 {[%emt 0:02:03]} 20. Na5 {[%emt 0:00:45]} Rxc1 {[%emt 0:00:13]} 21. Rxc1 {[%emt 0:00:07]} Bd5 {[%emt 0:00:05]} 22. Qc2 {[%emt 0:01:02]} Bxh4 {[%emt 0:00:23]} 23. gxh4 {[%emt 0:00:09]} Nec5 {[%emt 0:00:08]} 24. Bxd5 {[%emt 0:01:10]} Qxd5 {[%emt 0:00:00]} 25. Rd1 {[%emt 0:00:10]} Qa8 {[%emt 0:01:43]} 26. Rxd6 {[%emt 0:00:20]} Ne4 {[%emt 0:00:52]} 27. Rd4 {[%emt 0:01:54]} Ndf6 {[%emt 0:01:01]} 28. Nc6 {[%emt 0:00:43]} Rxd4 {[%emt 0:00:09]} 29. Bxd4 {[%emt 0:00:18]} Qb7 {[%emt 0:01:27]} 30. f3 {[%emt 0:00:32]} Nd6 {[%emt 0:00:03]} 31. Bxf6 {[%emt 0:00:06]} gxf6 {[%emt 0:00:03]} 32. Kf2 {[%emt 0:00:32]} Qb5 {[%emt 0:00:31]} 33. Ne7+ {[%emt 0:00:40]} Kf8 {[%emt 0:00:52]} 34. Qc7 {[%emt 0:00:14]} Ne8 {[%emt 0:00:05]} 35. Qa7 {[%emt 0:00:14]} Qe5 {[%emt 0:00:52]} 36. f4 {[%emt 0:00:25]} Qd6 {[%emt 0:00:14]} 37. Nc8 {[%emt 0:00:11]} Qa3 {[%emt 0:00:12]} 38. Kf3 {[%emt 0:00:17]} f5 {[%emt 0:00:01]} 39. h5 {[%emt 0:00:05]} Nf6 {[%emt 0:00:22]} 40. Nb6 {[%emt 0:00:12]} Qd6 {[%emt 0:00:16]} 41. Nc4 {[%emt 0:00:14]} Qd1+ {[%emt 0:00:09]} 42. Kf2 {[%emt 0:00:02]} Ne4+ {[%emt 0:00:11]} 43. Kg2 {[%emt 0:00:04]} Qe2+ {[%emt 0:00:04]} 44. Kh3 {[%emt 0:00:05]} Qg4# {[%emt 0:00:05]} 0-1

[Event "European Online Club-ch-C 2021"]
[Site "Online"]
[Date "2021.03.27"]
[Round "1.13"]
[White "Delgado Ramirez, Neuris"]
[Black "Migot, Tangi"]
[Result "1-0"]
[WhiteElo "2615"]
[BlackElo "2353"]
[Annotator "ChessBase"]
[PlyCount "143"]
[EventDate "2021.03.27"]
[EventType "team-tourn"]
[EventCountry "NET"]
[SourceTitle "playchess.com"]
[Source "ChessBase"]
[SourceQuality "1"]
[TimeControl "900+5"]

1. e4 {[%emt 0:00:00]} c5 {[%emt 0:00:05]} 2. Nf3 {[%emt 0:00:06]} e6 {[%emt 0:00:01]} 3. b3 {[%emt 0:00:08]} b6 {[%emt 0:00:07]} 4. c4 {[%emt 0:00:11]} Bb7 {[%emt 0:00:05]} 5. Nc3 {[%emt 0:00:03]} d6 {[%emt 0:00:13]} 6. d4 {[%emt 0:00:09]} cxd4 {[%emt 0:00:04]} 7. Nxd4 {[%emt 0:00:02]} Nf6 {[%emt 0:00:01]} 8. Bd3 {[%emt 0:00:06]} Nbd7 {[%emt 0:00:02]} 9. Qe2 {[%emt 0:00:10]} Be7 {[%emt 0:00:30]} 10. Bb2 {[%emt 0:00:04]} a6 {[%emt 0:00:05]} 11. O-O {[%emt 0:00:05]} O-O {[%emt 0:00:05]} 12. Rac1 {[%emt 0:00:38]} Re8 {[%emt 0:00:08]} 13. Rfd1 {[%emt 0:00:07]} Rc8 {[%emt 0:00:03]} 14. Bb1 {[%emt 0:00:11]} Qc7 {[%emt 0:00:13]} 15. Rd3 {[%emt 0:00:49]} Bf8 {[%emt 0:00:45]} 16. Rcd1 {[%emt 0:01:20]} Rcd8 {[%emt 0:01:05]} 17. Rg3 {[%emt 0:00:34]} g6 {[%emt 0:00:16]} 18. Qd2 {[%emt 0:02:20]} Bg7 {[%emt 0:01:30]} 19. Qg5 {[%emt 0:01:28]} Qc5 {[%emt 0:02:41]} 20. Qd2 {[%emt 0:00:04]} Qc7 {[%emt 0:00:35]} 21. Re1 {[%emt 0:01:12]} Nh5 {[%emt 0:00:57]} 22. Rh3 {[%emt 0:00:12]} Nhf6 {[%emt 0:00:02]} 23. Nf3 {[%emt 0:00:23]} Qb8 {[%emt 0:01:38]} 24. Qf4 {[%emt 0:00:33]} Ne5 {[%emt 0:01:25]} 25. Qh4 {[%emt 0:01:05]} Qc7 {[%emt 0:00:25]} 26. Bc1 {[%emt 0:00:14]} Neg4 {[%emt 0:01:15]} 27. Rg3 {[%emt 0:00:10]} Rc8 {[%emt 0:01:08]} 28. Bd2 {[%emt 0:00:48]} h5 {[%emt 0:00:30]} 29. h3 {[%emt 0:00:42]} Ne5 {[%emt 0:00:02]} 30. Nd4 {[%emt 0:00:30]} Qc5 {[%emt 0:00:21]} 31. Na4 {[%emt 0:00:20]} Qc7 {[%emt 0:00:17]} 32. f4 {[%emt 0:00:02]} Nc6 {[%emt 0:00:11]} 33. Bc3 {[%emt 0:00:30]} Nxd4 {[%emt 0:00:21]} 34. Bxd4 {[%emt 0:00:04]} e5 {[%emt 0:00:03]} 35. Bxb6 {[%emt 0:00:06]} Qe7 {[%emt 0:00:08]} 36. f5 {[%emt 0:00:03]} Nd7 {[%emt 0:00:24]} 37. Qxe7 {[%emt 0:00:09]} Rxe7 {[%emt 0:00:00]} 38. fxg6 {[%emt 0:00:07]} f6 {[%emt 0:00:02]} 39. Bf2 {[%emt 0:00:07]} Bc6 {[%emt 0:00:03]} 40. Nb6 {[%emt 0:00:09]} Nxb6 {[%emt 0:00:02]} 41. Bxb6 {[%emt 0:00:02]} Bh6 {[%emt 0:00:02]} 42. Be3 {[%emt 0:00:05]} Kg7 {[%emt 0:00:04]} 43. Bxh6+ {[%emt 0:00:04]} Kxh6 {[%emt 0:00:00]} 44. Rd1 {[%emt 0:00:08]} Rd7 {[%emt 0:00:01]} 45. Rf1 {[%emt 0:00:09]} Kg7 {[%emt 0:00:04]} 46. Rf5 {[%emt 0:00:04]} h4 {[%emt 0:00:21]} 47. Rgf3 {[%emt 0:00:03]} Rf8 {[%emt 0:00:04]} 48. g3 {[%emt 0:00:02]} Kxg6 {[%emt 0:00:04]} 49. gxh4 {[%emt 0:00:02]} Rh7 {[%emt 0:00:02]} 50. h5+ {[%emt 0:00:18]} Rxh5 {[%emt 0:00:12]} 51. Rg3+ {[%emt 0:00:03]} Kh6 {[%emt 0:00:08]} 52. Rxh5+ {[%emt 0:00:11]} Kxh5 {[%emt 0:00:00]} 53. Kf2 {[%emt 0:00:04]} f5 {[%emt 0:00:08]} 54. exf5 {[%emt 0:00:04]} e4 {[%emt 0:00:02]} 55. Ke3 {[%emt 0:00:01]} Rxf5 {[%emt 0:00:03]} 56. Bxe4 {[%emt 0:00:03]} Re5 {[%emt 0:00:05]} 57. Rg4 {[%emt 0:00:02]} Bd7 {[%emt 0:00:08]} 58. Rf4 {[%emt 0:00:09]} Bxh3 {[%emt 0:00:05]} 59. Kd4 {[%emt 0:00:01]} Kg5 {[%emt 0:00:09]} 60. Rf8 {[%emt 0:00:05]} a5 {[%emt 0:00:08]} 61. Rd8 {[%emt 0:00:10]} Kf4 {[%emt 0:00:03]} 62. Bd5 {[%emt 0:00:03]} Re2 {[%emt 0:00:05]} 63. Rxd6 {[%emt 0:00:07]} Rxa2 {[%emt 0:00:03]} 64. Rf6+ {[%emt 0:00:05]} Kg5 {[%emt 0:00:03]} 65. Ra6 {[%emt 0:00:03]} Bc8 {[%emt 0:00:08]} 66. Ra8 {[%emt 0:00:03]} Bf5 {[%emt 0:00:09]} 67. Kc5 {[%emt 0:00:08]} Bc2 {[%emt 0:00:04]} 68. b4 {[%emt 0:00:04]} a4 {[%emt 0:00:02]} 69. b5 {[%emt 0:00:01]} a3 {[%emt 0:00:20]} 70. b6 {[%emt 0:00:03]} Ra1 {[%emt 0:00:02]} 71. b7 {[%emt 0:00:03]} Rb1 {[%emt 0:00:02]} 72. Rxa3 {[%emt 0:00:08]} 1-0

[Event "European Online Club-ch-C 2021"]
[Site "Online"]
[Date "2021.03.27"]
[Round "1.14"]
[White "Le Goff, Ronan"]
[Black "Gukesh D"]
[Result "0-1"]
[WhiteElo "2288"]
[BlackElo "2563"]
[Annotator "ChessBase"]
[PlyCount "76"]
[EventDate "2021.03.27"]
[EventType "team-tourn"]
[EventCountry "NET"]
[SourceTitle "playchess.com"]
[Source "ChessBase"]
[SourceQuality "1"]
[TimeControl "900+5"]

1. d4 {[%emt 0:00:00]} d5 {[%emt 0:00:07]} 2. Nf3 {[%emt 0:00:04]} Nf6 {[%emt 0:00:02]} 3. g3 {[%emt 0:00:01]} b5 {[%emt 0:00:05]} 4. Bg2 {[%emt 0:00:27]} e6 {[%emt 0:00:01]} 5. O-O {[%emt 0:00:05]} Nbd7 {[%emt 0:00:02]} 6. a4 {[%emt 0:00:07]} b4 {[%emt 0:00:04]} 7. c4 {[%emt 0:00:58]} bxc3 {[%emt 0:00:02]} 8. Nxc3 {[%emt 0:00:02]} a5 {[%emt 0:00:16]} 9. Ne5 {[%emt 0:00:43]} Nxe5 {[%emt 0:00:51]} 10. dxe5 {[%emt 0:00:04]} Nd7 {[%emt 0:00:02]} 11. e4 {[%emt 0:00:47]} d4 {[%emt 0:00:34]} 12. Nb5 {[%emt 0:01:48]} c5 {[%emt 0:00:42]} 13. Bf4 {[%emt 0:02:28]} Be7 {[%emt 0:00:47]} 14. Qg4 {[%emt 0:00:22]} Kf8 {[%emt 0:01:56]} 15. h4 {[%emt 0:00:40]} Ba6 {[%emt 0:00:27]} 16. Rfc1 {[%emt 0:00:41]} h5 {[%emt 0:00:34]} 17. Qd1 {[%emt 0:00:20]} Bxb5 {[%emt 0:02:41]} 18. axb5 {[%emt 0:00:05]} g5 {[%emt 0:00:02]} 19. hxg5 {[%emt 0:00:15]} Bxg5 {[%emt 0:00:03]} 20. Qd2 {[%emt 0:03:33]} Rg8 {[%emt 0:00:11]} 21. b4 {[%emt 0:01:45]} Bxf4 {[%emt 0:00:46]} 22. Qxf4 {[%emt 0:00:02]} axb4 {[%emt 0:00:09]} 23. Qh6+ {[%emt 0:00:11]} Ke8 {[%emt 0:00:02]} 24. Qh7 {[%emt 0:00:13]} Kf8 {[%emt 0:00:31]} 25. Qh6+ {[%emt 0:00:04]} Ke7 {[%emt 0:00:04]} 26. Qxh5 {[%emt 0:00:13]} Rxa1 {[%emt 0:01:15]} 27. Rxa1 {[%emt 0:00:09]} Qb8 {[%emt 0:00:23]} 28. Qh4+ {[%emt 0:00:13]} Ke8 {[%emt 0:00:12]} 29. Qh7 {[%emt 0:00:06]} Rf8 {[%emt 0:00:09]} 30. Ra6 {[%emt 0:00:20]} b3 {[%emt 0:00:20]} 31. Qh6 {[%emt 0:00:24]} b2 {[%emt 0:00:10]} 32. Bh3 {[%emt 0:00:13]} b1=Q+ {[%emt 0:00:04]} 33. Kh2 {[%emt 0:00:02]} Qxe5 {[%emt 0:00:22]} 34. Bxe6 {[%emt 0:00:05]} fxe6 {[%emt 0:00:23]} 35. Ra8+ {[%emt 0:00:17]} Ke7 {[%emt 0:00:12]} 36. Qh7+ {[%emt 0:00:03]} Rf7 {[%emt 0:00:04]} 37. Qg8 {[%emt 0:00:08]} Qh5+ {[%emt 0:00:05]} 38. Kg2 {[%emt 0:00:03]} Qbh1# {[%emt 0:00:03]} 0-1

[Event "European Online Club-ch-C 2021"]
[Site "Online"]
[Date "2021.03.27"]
[Round "1.15"]
[White "Guerrero Olmos, Sergio"]
[Black "Bouget, Alexandre"]
[Result "1-0"]
[WhiteElo "2372"]
[BlackElo "2247"]
[Annotator "NA"]
[PlyCount "97"]
[EventDate "2021.03.27"]
[EventType "team-tourn"]
[EventCountry "NET"]
[SourceTitle "playchess.com"]
[Source "ChessBase"]
[SourceQuality "1"]
[TimeControl "900+5"]

1. d4 {[%emt 0:00:00]} Nf6 {[%emt 0:00:06]} 2. Nf3 {[%emt 0:00:02]} c5 {[%emt 0:00:09]} 3. c3 {[%emt 0:00:03]} cxd4 {[%emt 0:00:19]} 4. cxd4 {[%emt 0:00:02]} g6 {[%emt 0:00:01]} 5. Nc3 {[%emt 0:00:02]} Bg7 {[%emt 0:00:02]} 6. Bf4 {[%emt 0:00:44]} d5 {[%emt 0:00:23]} 7. e3 {[%emt 0:00:04]} O-O {[%emt 0:00:03]} 8. Be2 {[%emt 0:00:07]} Nc6 {[%emt 0:00:54]} 9. O-O {[%emt 0:00:04]} Bf5 {[%emt 0:01:21]} 10. Rc1 {[%emt 0:00:09]} Ne4 {[%emt 0:00:47]} 11. Qb3 {[%emt 0:01:23]} a6 {[%emt 0:03:31]} 12. Qxb7 {[%emt 0:00:56]} Na5 {[%emt 0:00:22]} 13. Qc7 {[%emt 0:00:33]} Nxc3 {[%emt 0:03:04]} 14. Rxc3 {[%emt 0:00:33]} Nc4 {[%emt 0:00:07]} 15. b3 {[%emt 0:01:58]} Qxc7 {[%emt 0:00:05]} 16. Bxc7 {[%emt 0:00:04]} Rfc8 {[%emt 0:00:36]} 17. Bg3 {[%emt 0:01:47]} Nd6 {[%emt 0:00:07]} 18. Rxc8+ {[%emt 0:00:10]} Rxc8 {[%emt 0:00:30]} 19. Bxd6 {[%emt 0:00:15]} exd6 {[%emt 0:00:00]} 20. Bxa6 {[%emt 0:00:22]} Ra8 {[%emt 0:00:02]} 21. Bb7 {[%emt 0:00:06]} Rxa2 {[%emt 0:00:03]} 22. Bxd5 {[%emt 0:00:03]} h6 {[%emt 0:00:42]} 23. Rc1 {[%emt 0:00:18]} Rb2 {[%emt 0:00:24]} 24. h3 {[%emt 0:00:15]} Be6 {[%emt 0:00:59]} 25. Bxe6 {[%emt 0:00:56]} fxe6 {[%emt 0:00:00]} 26. Rc8+ {[%emt 0:00:16]} Kf7 {[%emt 0:01:13]} 27. Rc7+ {[%emt 0:00:04]} Kf6 {[%emt 0:00:05]} 28. Rd7 {[%emt 0:00:38]} Bf8 {[%emt 0:00:26]} 29. e4 {[%emt 0:00:34]} e5 {[%emt 0:00:21]} 30. dxe5+ {[%emt 0:00:59]} dxe5 {[%emt 0:00:00]} 31. Rd5 {[%emt 0:00:42]} Rxb3 {[%emt 0:00:24]} 32. Nxe5 {[%emt 0:00:19]} Rb1+ {[%emt 0:00:18]} 33. Kh2 {[%emt 0:00:02]} h5 {[%emt 0:00:15]} 34. Nd7+ {[%emt 0:00:08]} Ke7 {[%emt 0:00:01]} 35. Nxf8 {[%emt 0:00:04]} Kxf8 {[%emt 0:00:00]} 36. Rd7 {[%emt 0:00:04]} Re1 {[%emt 0:00:04]} 37. f3 {[%emt 0:00:02]} h4 {[%emt 0:00:03]} 38. Rh7 {[%emt 0:00:04]} Kg8 {[%emt 0:00:15]} 39. Rxh4 {[%emt 0:00:03]} Kg7 {[%emt 0:00:00]} 40. Rg4 {[%emt 0:00:04]} Kf6 {[%emt 0:00:03]} 41. h4 {[%emt 0:00:03]} Re2 {[%emt 0:00:04]} 42. Kg3 {[%emt 0:00:03]} Re1 {[%emt 0:00:03]} 43. Rg5 {[%emt 0:00:04]} Re2 {[%emt 0:00:02]} 44. Rb5 {[%emt 0:00:06]} Kg7 {[%emt 0:00:03]} 45. h5 {[%emt 0:00:14]} gxh5 {[%emt 0:00:09]} 46. Rxh5 {[%emt 0:00:01]} Kg6 {[%emt 0:00:00]} 47. Rb5 {[%emt 0:00:02]} Kf6 {[%emt 0:00:04]} 48. Ra5 {[%emt 0:00:10]} Kg6 {[%emt 0:00:02]} 49. Kh3 {[%emt 0:00:05]} 1-0

[Event "European Online Club-ch-C 2021"]
[Site "Online"]
[Date "2021.03.27"]
[Round "1.16"]
[White "Lemasle, Raphael"]
[Black "Alvarez Fernandez, Enrique"]
[Result "1-0"]
[WhiteElo "2067"]
[BlackElo "2349"]
[Annotator "NA"]
[PlyCount "69"]
[EventDate "2021.03.27"]
[EventType "team-tourn"]
[EventCountry "NET"]
[SourceTitle "playchess.com"]
[Source "ChessBase"]
[SourceQuality "1"]
[TimeControl "900+5"]

1. d4 {[%emt 0:00:00]} d5 {[%emt 0:00:15]} 2. Nf3 {[%emt 0:00:04]} Nf6 {[%emt 0:00:32]} 3. c4 {[%emt 0:00:04]} c6 {[%emt 0:00:03]} 4. Nbd2 {[%emt 0:00:04]} Bf5 {[%emt 0:00:42]} 5. Qb3 {[%emt 0:00:21]} Qb6 {[%emt 0:00:49]} 6. c5 {[%emt 0:00:08]} Qc7 {[%emt 0:01:15]} 7. Qa4 {[%emt 0:01:06]} Nbd7 {[%emt 0:00:32]} 8. e3 {[%emt 0:00:30]} e6 {[%emt 0:01:38]} 9. Be2 {[%emt 0:00:21]} h6 {[%emt 0:00:19]} 10. O-O {[%emt 0:00:21]} Be7 {[%emt 0:00:16]} 11. b4 {[%emt 0:00:12]} b6 {[%emt 0:01:04]} 12. Bb2 {[%emt 0:02:57]} O-O {[%emt 0:00:35]} 13. cxb6 {[%emt 0:00:54]} Qxb6 {[%emt 0:00:36]} 14. Bc3 {[%emt 0:00:21]} Bd6 {[%emt 0:01:22]} 15. Rac1 {[%emt 0:00:54]} Rfe8 {[%emt 0:00:24]} 16. a3 {[%emt 0:00:25]} Rac8 {[%emt 0:00:50]} 17. h3 {[%emt 0:01:36]} Bb8 {[%emt 0:00:21]} 18. Nb3 {[%emt 0:00:31]} Ne4 {[%emt 0:00:08]} 19. Ba6 {[%emt 0:02:30]} Rc7 {[%emt 0:01:17]} 20. Nc5 {[%emt 0:00:16]} Nd6 {[%emt 0:00:22]} 21. Ne5 {[%emt 0:00:30]} Nxe5 {[%emt 0:00:18]} 22. dxe5 {[%emt 0:00:00]} Ne4 {[%emt 0:00:57]} 23. Bd4 {[%emt 0:00:36]} Nd2 {[%emt 0:00:25]} 24. Nb3 {[%emt 0:00:35]} Qxa6 {[%emt 0:00:50]} 25. Qxa6 {[%emt 0:00:06]} Nxb3 {[%emt 0:00:01]} 26. Rxc6 {[%emt 0:00:04]} Rxc6 {[%emt 0:00:27]} 27. Qxc6 {[%emt 0:00:04]} Rd8 {[%emt 0:00:04]} 28. Qc3 {[%emt 0:00:11]} Nxd4 {[%emt 0:00:06]} 29. exd4 {[%emt 0:00:05]} Kh7 {[%emt 0:00:04]} 30. Rc1 {[%emt 0:00:05]} f6 {[%emt 0:00:08]} 31. f4 {[%emt 0:00:03]} fxe5 {[%emt 0:00:02]} 32. fxe5 {[%emt 0:00:02]} Rf8 {[%emt 0:00:05]} 33. Qc8 {[%emt 0:00:29]} Kg8 {[%emt 0:00:11]} 34. Qxf8+ {[%emt 0:00:04]} Kxf8 {[%emt 0:00:05]} 35. Rc8+ {[%emt 0:00:02]} 1-0

[Event "European Online Club-ch-C 2021"]
[Site "Online"]
[Date "2021.03.27"]
[Round "1.17"]
[White "Babula, Vlastimil"]
[Black "Markoja, Boris"]
[Result "1/2-1/2"]
[WhiteElo "2559"]
[BlackElo "2439"]
[Annotator "ChessBase"]
[PlyCount "84"]
[EventDate "2021.03.27"]
[EventType "team-tourn"]
[EventCountry "NET"]
[SourceTitle "playchess.com"]
[Source "ChessBase"]
[SourceQuality "1"]
[TimeControl "900+5"]

1. d4 {[%emt 0:00:00]} Nf6 {[%emt 0:00:06]} 2. c4 {[%emt 0:00:04]} e6 {[%emt 0:00:06]} 3. Nf3 {[%emt 0:00:04]} Bb4+ {[%emt 0:00:06]} 4. Bd2 {[%emt 0:00:05]} Bxd2+ {[%emt 0:00:07]} 5. Qxd2 {[%emt 0:00:06]} d5 {[%emt 0:00:19]} 6. g3 {[%emt 0:00:09]} O-O {[%emt 0:00:08]} 7. Bg2 {[%emt 0:00:53]} c6 {[%emt 0:01:10]} 8. Qc2 {[%emt 0:00:27]} Nbd7 {[%emt 0:01:12]} 9. O-O {[%emt 0:00:25]} Qe7 {[%emt 0:00:17]} 10. Nbd2 {[%emt 0:00:18]} e5 {[%emt 0:02:18]} 11. cxd5 {[%emt 0:00:28]} Nxd5 {[%emt 0:00:58]} 12. e4 {[%emt 0:00:18]} N5b6 {[%emt 0:00:12]} 13. Nb3 {[%emt 0:02:16]} exd4 {[%emt 0:02:57]} 14. Nfxd4 {[%emt 0:00:23]} Ne5 {[%emt 0:00:10]} 15. h3 {[%emt 0:00:42]} a5 {[%emt 0:00:41]} 16. a3 {[%emt 0:01:22]} a4 {[%emt 0:00:16]} 17. Nc5 {[%emt 0:00:07]} Nec4 {[%emt 0:00:33]} 18. Nd3 {[%emt 0:00:29]} Rd8 {[%emt 0:00:03]} 19. Ne2 {[%emt 0:00:31]} Ne5 {[%emt 0:00:15]} 20. Rfd1 {[%emt 0:02:25]} Nxd3 {[%emt 0:00:04]} 21. Rxd3 {[%emt 0:00:04]} Be6 {[%emt 0:00:35]} 22. Nd4 {[%emt 0:00:12]} Bc4 {[%emt 0:00:09]} 23. Rd2 {[%emt 0:00:06]} g6 {[%emt 0:00:21]} 24. Rad1 {[%emt 0:00:08]} Re8 {[%emt 0:02:29]} 25. Qc3 {[%emt 0:00:39]} c5 {[%emt 0:00:07]} 26. Ne2 {[%emt 0:00:20]} Bb3 {[%emt 0:00:02]} 27. Rc1 {[%emt 0:00:04]} Nc4 {[%emt 0:00:04]} 28. Rd5 {[%emt 0:00:23]} b6 {[%emt 0:00:09]} 29. Nf4 {[%emt 0:00:06]} Ne5 {[%emt 0:00:05]} 30. Rd2 {[%emt 0:00:05]} Nc6 {[%emt 0:00:31]} 31. Nd5 {[%emt 0:01:55]} Bxd5 {[%emt 0:00:03]} 32. exd5 {[%emt 0:00:07]} Nd4 {[%emt 0:00:04]} 33. d6 {[%emt 0:00:06]} Qxd6 {[%emt 0:00:03]} 34. Bxa8 {[%emt 0:00:04]} Rxa8 {[%emt 0:00:06]} 35. Re1 {[%emt 0:00:04]} Rd8 {[%emt 0:00:11]} 36. Rd3 {[%emt 0:00:15]} Qd5 {[%emt 0:00:13]} 37. Rde3 {[%emt 0:00:05]} Rd6 {[%emt 0:00:08]} 38. Re4 {[%emt 0:00:31]} Rf6 {[%emt 0:00:09]} 39. f4 {[%emt 0:00:04]} h5 {[%emt 0:00:05]} 40. Kh2 {[%emt 0:00:09]} Kh7 {[%emt 0:00:15]} 41. Qd3 {[%emt 0:00:18]} Rd6 {[%emt 0:00:08]} 42. Qc3 {[%emt 0:00:30]} Kh6 {[%emt 0:00:08]} 1/2-1/2